| 000 | 01472cam a22003854a 4500 | ||
|---|---|---|---|
| 001 | 17029824 | ||
| 003 | OSt | ||
| 005 | 20180116192414.0 | ||
| 008 | 111101s2012 ne a b 001 0 eng | ||
| 010 | _a 2011042136 | ||
| 016 | 7 |
_a015904489 _2Uk |
|
| 020 | _a9789004206151 (hardback : alk. paper) | ||
| 020 | _a9004206159 (hardback : alk. paper) | ||
| 020 | _a9789004217324 (ebk.) | ||
| 020 | _a9004217320 (ebk.) | ||
| 035 | _a(OCoLC)ocn755169584 | ||
| 040 |
_aDLC _beng _cDLC _dYDX _dYDXCP _dUKMGB _dBTCTA _dERASA _dOHX _dCDX _dBWX _dZCU _dSTF _dYUS _dDLC |
||
| 042 | _apcc | ||
| 050 | 0 | 0 |
_aB753.F34 _bJ36 2012 |
| 082 | 0 | 0 |
_a181/.6 _223 |
| 100 | 1 |
_aJanos, Damien. _96420 |
|
| 245 | 1 | 0 |
_aMethod, structure, and development in al-Fārābi's cosmology / _cby Damien Janos. |
| 260 |
_aLeiden ; _aBoston : _bBrill, _c2012. |
||
| 300 |
_axiv, 433 p. : _bill. ; _c25 cm. |
||
| 490 | 1 |
_aIslamic philosophy, theology, and science, _x0169-8729 ; _vv. 85 |
|
| 500 | _aBased on the author's thesis (Ph. D.)--McGill University, 2009. | ||
| 504 | _aIncludes bibliographical references and index. | ||
| 600 | 0 | 0 |
_aFārābi. _96421 |
| 650 | 0 |
_aIslamic cosmology. _96422 |
|
| 830 | 0 |
_aIslamic philosophy, theology, and science ; _vv. 85. _96423 |
|
| 906 |
_a7 _bcbc _corignew _d1 _eecip _f20 _gy-gencatlg |
||
| 942 |
_2ddc _cBK |
||
| 999 |
_c353669 _d353669 |
||